Wird geladen...

Vinayaka chathurthi kathakal

Bibliographische Detailangaben
1. Verfasser: Ramachandran P
Format: Printed Book
Veröffentlicht: Ernakulam Kurukshethra 1997
Schlagworte:
LEADER 00580nam a22001811a 4500
020 |c 0.00 
040 |a SSUS - Library - Kalady 
082 |a M 294.551 5  |b N97 
100 |a Ramachandran P 
245 |a Vinayaka chathurthi kathakal  |h [Text] 
260 |a Ernakulam  |b Kurukshethra  |c 1997 
300 |a 23p. 
500 |a raamachandhRan 
600 |a Ganapataism 
852 |h M 294.551 5  |i N97  |p 032299  |9 8.00  |t 0 
942 |c BK 
999 |c 49958  |d 49958 
952 |0 0  |1 0  |4 0  |6 M_294_551000000000000_5_N97  |7 0  |9 72722  |a SSUS  |b SSUS  |d 2015-01-08  |g 8.00  |o M 294.551 5 N97  |p 032299  |r 2015-01-08  |v 0.00  |w 2015-01-08  |y BK